MDQL
is popping MORE tags! Check the
thread
!
Quizzes
Events
Quiz Creation
Community
Videos
Private Events
Remove Ads
Sign In
Join for FREE
Feedback
Dark Mode
Quiz Categories
Sports
Geography
Music
Movies
Television
Just For Fun
Miscellaneous
History
Literature
Language
Science
Gaming
Entertainment
Religion
Holiday
For Kids
Quiz Lab
Recent
Popular Today
Quiz Kudos Today
Editor Picks
Curator Picks
Quizzes by...
Day
Popularity
Type
Ratings
Length
Year
Community
Subscriptions
Recent Discussions
Orange Saloon
Badges
Playlists
Quests
Create
Leaderboards
Showdown
Live 5
Trivia Bingo
Activity
Puzzle Library
Sporcle Events
Private Events
Virtual Trivia
Globe League
Become a Host
Pub Owners
SporcleCon
Opinionation
Our Games
Videos
Blog
Mobile Apps
Partnerships
Remove Ads and Go Orange
Feedback
Music
Pop Music
The Beatles
Song
Album
Lyrics
Bands
Singers
Artist
Clip
Rock
Rap
Classical
Billboard
Country Music
Kpop
Taylor Swift
Music
Pop Music
The Beatles
Song
Album
Lyrics
Bands
Singers
Artist
Clip
Rock
Rap
Classical
Billboard
Country Music
Kpop
Taylor Swift
Random Quiz
Search Sporcle
×
Quiz Lab
Quiz Lab
Music
Lyrics
Type in answers that appear in a list
Type in answers that appear in a list
Classic
Best Score? Go Orange.
Guess the Taylor Swift Lyrics Stats
Can you name the Taylor Swift Lyrics??
By
Swifty13
13m
103 Questions
3,154 Plays
3,154 Plays
3,154 Plays
Comments
Comments
Give Quiz Kudos
Give Quiz Kudos
-
- Ratings
hide this ad
Replay
Link that replays current quiz
Next Quiz
Link to next quiz in quiz playlist
You Got
0%
They Got
Avg Score
45%
Avg Friend Score
Upgrade to see
Score Distribution
Jump to the score distribution portion of the page
Score
0/103
Timer
13:00
0
Plays Today
% Correct
I
96.4%
I
96.4%
I
96.4%
I
96.4%
I
96.4%
and
95.8%
and
95.8%
and
95.8%
the
95.8%
the
95.8%
a
95.8%
you
92.5%
you
92.5%
you
92.5%
you
92.5%
love
78.8%
me
75.1%
me
75.1%
be
70.7%
in
66.1%
in
66.1%
your
66.1%
your
66.1%
to
65.7%
to
65.7%
is
64.3%
no
59.9%
on
59.6%
so
59.5%
my
56.7%
my
56.7%
my
56.7%
my
56.7%
with
56.2%
i'm
55.8%
% Correct
that
50.5%
that
50.5%
of
50.4%
This
50.2%
can't
48.8%
can't
48.8%
can't
48.8%
like
46.4%
like
46.4%
see
45.6%
see
45.6%
there
43.4%
there
43.4%
but
43.3%
but
43.3%
but
43.3%
all
37.1%
all
37.1%
eyes
36.6%
could
35.9%
just
35.2%
one
32.9%
off
32.3%
take
31.1%
girl
30.6%
face
30.5%
tell
30.3%
I'd
29.7%
feel
29.1%
knew
29%
from
28.5%
smile
27.6%
smile
27.6%
help
26.8%
help
26.8%
% Correct
beautiful
24%
out
24%
give
23.8%
wish
22.9%
nothing
22.7%
more
21.5%
superstar
21.4%
name
21.2%
things
21.1%
wrong
20.8%
who's
19.9%
scream
19.1%
girls
19.1%
again
19%
another
18.9%
front
18.4%
ain't
18.3%
special,
17.9%
wall
17.2%
desperately
16.6%
hang
16.5%
row
16.3%
morning
16%
wide-eyed
15.9%
photograph
15.9%
spotlight,
15.7%
dim
15.6%
comes
15%
breaking
14.1%
rules
14%
misty
13.4%
personal
10.6%
plate
6.7%
Quiz Playlist
Details
Report
Send in Message
Add To Playlist
Classic:
Type in answers that appear in a list
Last Updated: Feb 16, 2017
Quiz Scoreboard
CHALLENGE
Sign Up to Join the Scoreboard
Show All
Scores
Hide
Comments
May contain spoilers
Recently Published
Image Sorting: Flags VI
by Barbecue
Geography
2m
Find the 'City' Movie
by crazypaving
Movies
60s
Colored Red Africa Blitz
by spor1
Geography
45s
More to Explore
Quiz From the Vault
Featured Blog Post
14 Easter Pick-up Lines to Find Eggs With
hide this ad
You Might Also Like...
Tags
Lyrics Quiz
Taylor Swift Quiz
Today's Top Quizzes in Music
Browse Music
hide this ad
Today's Top Quizzes in Lyrics
Browse Lyrics
Top Contributed Quizzes in Music
1
5X2 Blitz: Bands II
2
5X2 Blitz: The Beatles
3
Taylor Swift All Songs (2024)
4
5X2 Blitz: Billboard
5
5X2 Blitz: Billboard II
6
5X2 Blitz: Album
7
Taylor Swift Logic Puzzle II
8
5X2 Blitz: Singers
9
5X2 Blitz: Rock
10
5X2 Blitz: Lyrics
Explore More
Trending Topics
Kpop
NBA
Marvel
Crossword
Disney
Anime
Harry Potter
Soccer
The Office
Song
Pokémon
Country
Puzzle
NFL
WWE
hide this ad
More By:
Swifty13
Quiz
Plays
Rating
Category
Featured
Created
Guess the Taylor Swift Lyrics
3,154
1.00
Music
Jun 3, 2010
Guess the Miley Cyrus Lyrics
1,181
Music
Jun 11, 2010
Go to Creator's Profile
Score Distribution
Quiz Creator Spotlight
Swifty13
Follow
Send a Message
Quizzes Created
-
Created Quiz Play Count
-
More By This Creator
Popular Quizzes Today
1
Colored Red Africa Blitz
2
Find the US States - No Outlines Minefield
3
Find the 'City' Movie
4
5x2 Blitz: Bands
5
The Countries of the World
6
Find the US States
7
Find the Countries of Europe - No Outlines Minefield
8
US States
More Music Quizzes
Mutual Missing Word: 'P' Albums
Quiz Lab
Trending Quizzes
Colored Red Europe Blitz I
Colored Red Europe Blitz II
Colored Red Africa Blitz II
Colored Red Europe Blitz III
Colored Red Africa Blitz III
Recently Updated
How Do You Spell That?
pecheneg
Godzilla Movies
pecheneg
Grab Bag: 4-10 Letters
pecheneg
2024 March Madness Bracket
pecheneg
Famous TV Couples
Peacemaker
Champions League XIs: Real Madrid
pecheneg
Largest US Cities 1790-2010
pecheneg
Rides in Walt Disney World
pecheneg
Most Oscar Losses (Acting)
pecheneg
Beyoncé Albums
pecheneg
Trending Topics
Anime
Crossword
NBA
Kpop
Harry Potter
Disney
Marvel
Soccer
Song
The Office
NFL
Country
Pokémon
WWE
Puzzle
Your Account Isn't Verified!
In order to create a playlist on Sporcle, you need to verify the email address you used during registration. Go to your
Sporcle Settings
to finish the process.
Report this User
Report this user for behavior that violates our
Community Guidelines
.
Details:
Send Report
Go to the Sporcle.com Mobile Site →
Comments